Woolf's Millennium Bug (Record no. 61360)

MARC details
000 -LEADER
fixed length control field 00903cam a2200229 4500
001 - CONTROL NUMBER
control field ABS61568
008 - FIXED-LENGTH DATA ELEMENTS--GENERAL INFORMATION
fixed length control field 000000n1999 000 0 eng u
035 ## - SYSTEM CONTROL NUMBER
System control number (Sirsi) u102336
100 ## - MAIN ENTRY--PERSONAL NAME
Personal name Hastie, R.
245 ## - TITLE STATEMENT
Title Woolf's Millennium Bug
260 ## - PUBLICATION, DISTRIBUTION, ETC.
Date of publication, distribution, etc. 1999
490 ## - SERIES STATEMENT
Series statement Estates Gazette
Volume/sequential designation (9941) 16 October 1999, 155(1)
520 ## - SUMMARY, ETC.
Summary, etc. Explains the situation with regard to civil actions issued before the Civil Procedure Rules came into effect, which will automatically be stayed on 26 April 2000. Suggests ways of avoiding the stay by either concluding negotiations by the cut-off date, or applying for the case to be governed by the CPR.
590 ## - LOCAL NOTE (RLIN)
Local note ABS
650 ## - SUBJECT ADDED ENTRY--TOPICAL TERM
Topical term or geographic name entry element CIVIL PROCEDURE RULES
650 ## - SUBJECT ADDED ENTRY--TOPICAL TERM
Topical term or geographic name entry element LANDLORD AND TENANT ACT 1954
650 ## - SUBJECT ADDED ENTRY--TOPICAL TERM
Topical term or geographic name entry element STAY OF PROCEEDINGS
650 ## - SUBJECT ADDED ENTRY--TOPICAL TERM
Topical term or geographic name entry element LEASE RENEWALS
650 ## - SUBJECT ADDED ENTRY--TOPICAL TERM
Topical term or geographic name entry element Dilapidations
9 (RLIN) 6235
690 ## - LOCAL SUBJECT ADDED ENTRY--TOPICAL TERM (OCLC, RLIN)
Topical term or geographic name as entry element PROPERTY-LANDLORD AND TENANT
942 ## - ADDED ENTRY ELEMENTS (KOHA)
Suppress in OPAC 0
Holdings
Withdrawn status Lost status Source of classification or shelving scheme Damaged status Not for loan Home library Current library Shelving location Date acquired Total Checkouts Full call number Barcode Date last seen Copy number Price effective from Koha item type
    Dewey Decimal Classification     London London Journal article 19/11/1999   ABS61568 102336-1001 06/08/2019 1 06/08/2019 Journal article